[Event "CYCC U16"]
[Site "Richmond Hill CAN"]
[Date "2011.07.06"]
[Round "1"]
[White "Liu, Daniel Orejuela"]
[Black "Marinkovic, Mate"]
[Result "0-1"]
[WhiteElo "1872"]
[BlackElo "2226"]
[PlyCount "94"]
[GameId "2160767909704008"]
[EventDate "2011.07.06"]
[EventType "swiss"]
[EventRounds "7"]
[EventCountry "CAN"]
[SourceTitle "EXT 2022"]
[Source "ChessBase"]
[SourceDate "2021.10.06"]
[SourceVersion "1"]
[SourceVersionDate "2021.10.06"]
[SourceQuality "1"]

1. e4 c5 2. Nc3 Nc6 3. g3 e5 4. Bg2 g6 5. d3 Bg7 6. Be3 d6 7. Qd2 Nge7 8. f4 O-O 9. Nf3 f6 10. O-O Nd4 11. Nh4 exf4 12. gxf4 f5 13. exf5 Nexf5 14. Nxf5 Nxf5 15. Bf2 Be6 16. Rfe1 Qd7 17. a3 Bf7 18. Rab1 Rae8 19. Rxe8 Rxe8 20. Ne4 b6 21. Ng5 Nd4 22. Nxf7 Re2 23. Qd1 Qxf7 24. c3 Qxf4 25. Bg3 Qe3+ 26. Kh1 Nf5 27. Qb3+ Kh8 28. Qd5 Nxg3+ 29. hxg3 Be5 30. Rf1 Rf2 31. Rxf2 Qxf2 32. Qa8+ Kg7 33. Qb7+ Kh6 34. Qf3 Qxf3 35. Bxf3 Bxg3 36. c4 Be5 37. b4 Kg5 38. b5 h5 39. Be4 Kh6 40. Kg2 g5 41. a4 g4 42. Bc6 Kg5 43. Be8 h4 44. Bc6 h3+ 45. Kf1 g3 46. Bd7 g2+ 47. Kg1 Bd4+ 0-1

[Event "CYCC U16"]
[Site "Richmond Hill CAN"]
[Date "2011.07.06"]
[Round "1"]
[White "Nasir, Pi"]
[Black "Zhang, David"]
[Result "0-1"]
[WhiteElo "1599"]
[BlackElo "2138"]
[PlyCount "112"]
[GameId "2160767909704009"]
[EventDate "2011.07.06"]
[EventType "swiss"]
[EventRounds "7"]
[EventCountry "CAN"]
[SourceTitle "EXT 2022"]
[Source "ChessBase"]
[SourceDate "2021.10.06"]
[SourceVersion "1"]
[SourceVersionDate "2021.10.06"]
[SourceQuality "1"]

1. e4 c6 2. Nf3 d5 3. exd5 cxd5 4. d4 Nf6 5. Bd3 g6 6. h3 Bg7 7. O-O O-O 8. Re1 Nc6 9. c3 Bf5 10. Bxf5 gxf5 11. Nh4 e6 12. Bg5 Qd6 13. Nd2 Rac8 14. Qf3 Kh8 15. Re2 b5 16. a3 Na5 17. Rae1 Nc4 18. Nf1 Ne4 19. Bf4 Qd8 20. Qh5 Nf6 21. Qf3 a5 22. Ng3 Ne4 23. Qh5 Nf6 24. Qf3 Ne4 25. Qh5 b4 26. axb4 axb4 27. Nf3 bxc3 28. Nxe4 fxe4 29. Ng5 h6 30. Nxf7+ Rxf7 31. Qxf7 cxb2 32. Qxe6 Qg8 33. Qg6 Qf8 34. Qe6 Qg8 35. Qg6 Qe8 36. Qxe8+ Rxe8 37. Be3 Rb8 38. Rb1 Rb3 39. Kf1 Bf8 40. Rc2 Rxe3 41. Rxc4 dxc4 42. Rxb2 Rb3 43. Rc2 Bb4 44. f3 c3 45. fxe4 Rb2 46. Rc1 Rd2 47. Kg1 c2 48. Kh2 Ba3 49. Rxc2 Rxc2 50. Kg3 Bc1 51. Kf3 Rd2 52. d5 Rd4 53. Kg4 Rxe4+ 54. Kf5 Rd4 55. Ke5 Bb2 56. Ke6 Ba3 0-1

[Event "CYCC U16"]
[Site "Richmond Hill CAN"]
[Date "2011.07.06"]
[Round "1"]
[White "Serenko, Vlad"]
[Black "Leu, Richard"]
[Result "0-1"]
[WhiteElo "936"]
[BlackElo "2041"]
[PlyCount "136"]
[GameId "2160767909704010"]
[EventDate "2011.07.06"]
[EventType "swiss"]
[EventRounds "7"]
[EventCountry "CAN"]
[SourceTitle "EXT 2022"]
[Source "ChessBase"]
[SourceDate "2021.10.06"]
[SourceVersion "1"]
[SourceVersionDate "2021.10.06"]
[SourceQuality "1"]

1. e4 c5 2. Nf3 d6 3. e5 d5 4. d4 e6 5. Be3 Nc6 6. dxc5 a6 7. c3 Qc7 8. Bd4 Nge7 9. Qe2 Ng6 10. g3 Be7 11. Nbd2 f6 12. exf6 gxf6 13. Be3 e5 14. Nh4 Nxh4 15. gxh4 Be6 16. Qh5+ Bf7 17. Qg4 h5 18. Qg7 Rg8 19. Qh7 d4 20. Bh6 Bd5 21. cxd4 Nxd4 22. b4 O-O-O 23. Bh3+ Kb8 24. Rf1 Rh8 25. Qg6 Rdg8 26. Bg7 Bf8 27. Qe8+ Ka7 28. Bxh8 Nc2+ 29. Ke2 Nxa1 30. Rxa1 Rxh8 31. Rd1 Bg7 32. Qg6 Bf7 33. Qf5 Rd8 34. Qh7 Bg8 35. Qxh5 Bxa2 36. Qf5 Rd4 37. Ra1 Bg8 38. Qc8 Qxc8 39. Bxc8 Bh6 40. Rd1 Rxb4 41. f3 Rb2 42. h5 Bb3 43. Rb1 Rxd2+ 44. Ke1 Bd5 45. Rd1 Rxd1+ 46. Kxd1 Bxf3+ 47. Ke1 Bxh5 48. h4 Bf8 49. c6 bxc6 50. Bd7 Kb6 51. Kd2 Bc5 52. Kd3 Bf2 53. Ke4 Bxh4 54. Kf5 a5 55. Ke6 Bg4+ 56. Ke7 Bxd7 57. Kxd7 e4 58. Kd6 e3 59. Ke6 e2 60. Kf5 e1=Q 61. Kg6 a4 62. Kf5 a3 63. Kg6 a2 64. Kf5 a1=Q 65. Kg6 Qe8+ 66. Kf5 Qae5+ 67. Kg4 Qg5+ 68. Kf3 Qee3# 0-1

[Event "CYCC U16"]
[Site "Richmond Hill CAN"]
[Date "2011.07.06"]
[Round "1"]
[White "Sohal, Tanraj"]
[Black "Myers, Joshua"]
[Result "1-0"]
[WhiteElo "2177"]
[BlackElo "1680"]
[PlyCount "71"]
[GameId "2160767909704011"]
[EventDate "2011.07.06"]
[EventType "swiss"]
[EventRounds "7"]
[EventCountry "CAN"]
[SourceTitle "EXT 2022"]
[Source "ChessBase"]
[SourceDate "2021.10.06"]
[SourceVersion "1"]
[SourceVersionDate "2021.10.06"]
[SourceQuality "1"]

1. d4 Nf6 2. c4 g6 3. Nc3 Bg7 4. e4 O-O 5. f3 Nc6 6. Nge2 e5 7. d5 Nd4 8. Be3 c5 9. dxc6 dxc6 10. Qd2 Be6 11. O-O-O c5 12. Nd5 b5 13. Bg5 b4 14. Nxd4 cxd4 15. Nxb4 Rc8 16. Kb1 Bxc4 17. Bxc4 Rxc4 18. Rc1 Qc7 19. Bxf6 Bxf6 20. Nd5 Rxc1+ 21. Rxc1 Qd8 22. g3 Bg5 23. f4 Bh6 24. Qb4 exf4 25. Rc8 Qxc8 26. Ne7+ Kh8 27. Nxc8 Rxc8 28. Qxd4+ Kg8 29. a3 Rc1+ 30. Ka2 fxg3 31. hxg3 Rc2 32. Qxa7 Bg5 33. Qb8+ Kg7 34. e5 Rg2 35. Qb7 Rxg3 36. e6 1-0

[Event "CYCC U16"]
[Site "Richmond Hill CAN"]
[Date "2011.07.06"]
[Round "1"]
[White "Song, Lin"]
[Black "Semianiuk, Konstantin"]
[Result "0-1"]
[WhiteElo "1882"]
[BlackElo "2218"]
[PlyCount "78"]
[GameId "2160767909704012"]
[EventDate "2011.07.06"]
[EventType "swiss"]
[EventRounds "7"]
[EventCountry "CAN"]
[SourceTitle "EXT 2022"]
[Source "ChessBase"]
[SourceDate "2021.10.06"]
[SourceVersion "1"]
[SourceVersionDate "2021.10.06"]
[SourceQuality "1"]

1. e4 c5 2. Nf3 Nc6 3. d4 cxd4 4. Nxd4 e5 5. Nb5 d6 6. c4 Be7 7. N1c3 a6 8. Na3 f5 9. Bd3 fxe4 10. Nxe4 Nf6 11. O-O O-O 12. Nc2 Bd7 13. f4 exf4 14. Bxf4 Ne5 15. Nxf6+ Bxf6 16. Be4 Bc6 17. Bd5+ Kh8 18. Rb1 Qc7 19. Kh1 Rac8 20. b3 Be7 21. Ne3 Ng6 22. Bg3 Rxf1+ 23. Qxf1 Rf8 24. Qd3 Ne5 25. Bxe5 dxe5 26. Bxc6 bxc6 27. Rf1 Re8 28. Qf5 Qd6 29. Rd1 Qf6 30. Qe4 Rf8 31. h3 Qf4 32. Qd3 e4 33. Qe2 Bd6 34. g4 Qg3 35. Qg2 Qxe3 36. Rxd6 h5 37. Rd2 Rf3 38. Rd8+ Kh7 39. Kh2 Rf2 0-1

[Event "CYCC U16"]
[Site "Richmond Hill CAN"]
[Date "2011.07.06"]
[Round "1"]
[White "Wu, Kevin"]
[Black "Blium, Benjamin"]
[Result "1-0"]
[WhiteElo "2087"]
[BlackElo "1382"]
[PlyCount "41"]
[GameId "2160767909704013"]
[EventDate "2011.07.06"]
[EventType "swiss"]
[EventRounds "7"]
[EventCountry "CAN"]
[SourceTitle "EXT 2022"]
[Source "ChessBase"]
[SourceDate "2021.10.06"]
[SourceVersion "1"]
[SourceVersionDate "2021.10.06"]
[SourceQuality "1"]

1. e4 e5 2. Nf3 Nf6 3. d4 Be7 4. dxe5 Nxe4 5. Bd3 Nc5 6. Bc4 Ne6 7. O-O Nc6 8. c3 h6 9. Re1 O-O 10. Nd4 Bg5 11. Nd2 Na5 12. Bd3 Nf4 13. Bc2 d6 14. exd6 Qxd6 15. Ne4 Qd5 16. Qf3 Nh3+ 17. gxh3 Qe5 18. Bxg5 hxg5 19. Qh5 f6 20. Nxf6+ Qxf6 21. Bh7+ 1-0

[Event "CYCC U16"]
[Site "Richmond Hill CAN"]
[Date "2011.07.06"]
[Round "2"]
[White "Blium, Benjamin"]
[Black "Song, Lin"]
[Result "0-1"]
[WhiteElo "1382"]
[BlackElo "1882"]
[PlyCount "74"]
[GameId "2160767909704014"]
[EventDate "2011.07.06"]
[EventType "swiss"]
[EventRounds "7"]
[EventCountry "CAN"]
[SourceTitle "EXT 2022"]
[Source "ChessBase"]
[SourceDate "2021.10.06"]
[SourceVersion "1"]
[SourceVersionDate "2021.10.06"]
[SourceQuality "1"]

1. e4 c5 2. Nf3 Nc6 3. Nc3 Nf6 4. Bc4 e6 5. d4 cxd4 6. Nxd4 Bb4 7. Nde2 Nxe4 8. Bd2 Nxd2 9. Qxd2 d5 10. Bb5 O-O 11. a3 Ba5 12. b4 Bc7 13. O-O Bd7 14. f4 a6 15. Bd3 Ne7 16. Ng3 Ng6 17. Kh1 Bc6 18. Rae1 Qh4 19. Nce2 Qh6 20. Qc1 Qh4 21. Rf2 e5 22. Bxg6 fxg6 23. Ref1 exf4 24. Nxf4 Bb5 25. Nfe2 Rxf2 26. Rxf2 Bxe2 27. Rxe2 Bxg3 28. h3 Bf4 29. Qd1 Qg3 30. Qxd5+ Kh8 31. Kg1 Be3+ 32. Kh1 Rf8 33. Qd1 Bf4 34. Qg1 Bb8 35. Re1 Ba7 36. Rf1 Bf2 37. c4 Kg8 0-1

[Event "CYCC U16"]
[Site "Richmond Hill CAN"]
[Date "2011.07.06"]
[Round "2"]
[White "Marinkovic, Mate"]
[Black "Inigo, Aquino"]
[Result "1/2-1/2"]
[WhiteElo "2226"]
[BlackElo "2088"]
[PlyCount "88"]
[GameId "2160767909704016"]
[EventDate "2011.07.06"]
[EventType "swiss"]
[EventRounds "7"]
[EventCountry "CAN"]
[SourceTitle "EXT 2022"]
[Source "ChessBase"]
[SourceDate "2021.10.06"]
[SourceVersion "1"]
[SourceVersionDate "2021.10.06"]
[SourceQuality "1"]

1. c4 e6 2. g3 Nf6 3. Nf3 d5 4. b3 Be7 5. Bg2 O-O 6. Bb2 b6 7. O-O Bb7 8. e3 c6 9. d4 Nbd7 10. Nbd2 Rc8 11. Rc1 Qc7 12. Qe2 Qb8 13. Rfd1 Rfd8 14. Ne1 c5 15. Nd3 dxc4 16. Nxc4 Bxg2 17. Kxg2 cxd4 18. Bxd4 Qb7+ 19. Qf3 Qxf3+ 20. Kxf3 Nd5 21. Nce5 Nb8 22. Bb2 f6 23. Nc4 Nb4 24. Nxb4 Bxb4 25. a3 Be7 26. Rxd8+ Rxd8 27. Ke2 Kf7 28. Nd2 Na6 29. b4 Bd6 30. f4 Rd7 31. Nb3 Rc7 32. Nd4 Rxc1 33. Bxc1 Nc7 34. Nc6 a6 35. e4 e5 36. f5 Ke8 37. Nb8 Kd8 38. Be3 Kc8 39. Nc6 Nb5 40. Kd3 Kb7 41. a4 Na3 42. Bc1 Kxc6 43. Bxa3 b5 44. a5 Kd7 1/2-1/2

[Event "CYCC U16"]
[Site "Richmond Hill CAN"]
[Date "2011.07.06"]
[Round "2"]
[White "Myers, Joshua"]
[Black "Serenko, Vlad"]
[Result "1-0"]
[WhiteElo "1680"]
[BlackElo "936"]
[PlyCount "107"]
[GameId "2160767909704017"]
[EventDate "2011.07.06"]
[EventType "swiss"]
[EventRounds "7"]
[EventCountry "CAN"]
[SourceTitle "EXT 2022"]
[Source "ChessBase"]
[SourceDate "2021.10.06"]
[SourceVersion "1"]
[SourceVersionDate "2021.10.06"]
[SourceQuality "1"]

1. e4 e5 2. Nf3 d5 3. Nc3 d4 4. Ne2 Nf6 5. Ng3 Bg4 6. Bc4 h6 7. Bxf7+ Kxf7 8. Nxe5+ Ke8 9. Nxg4 h5 10. Nxf6+ Qxf6 11. Nxh5 Qf7 12. Ng3 Bc5 13. d3 Rf8 14. O-O g6 15. f4 Nd7 16. e5 Nb6 17. f5 Nd5 18. fxg6 Qxg6 19. Rxf8+ Kxf8 20. Qf3+ Qf7 21. Bh6+ Ke7 22. Bg5+ Kf8 23. Qxf7+ Kxf7 24. Ne4 Bb4 25. a3 Be7 26. Bxe7 Kxe7 27. c3 dxc3 28. bxc3 Ke6 29. d4 b6 30. g4 Ne3 31. h3 Nc2 32. Ra2 Ne3 33. Kf2 Nc4 34. Kg3 Rh8 35. h4 Kd5 36. Nf6+ Ke6 37. g5 Kf7 38. h5 Kg7 39. Re2 c5 40. dxc5 bxc5 41. e6 Nd6 42. e7 c4 43. e8=Q Nxe8 44. Rxe8 Rxe8 45. Nxe8+ Kf8 46. h6 a6 47. h7 Kxe8 48. h8=Q+ Kd7 49. Qf6 a5 50. Kf4 a4 51. Ke5 Ke8 52. Qg7 Kd8 53. Kd6 Ke8 54. Qe7# 1-0

[Event "CYCC U16"]
[Site "Richmond Hill CAN"]
[Date "2011.07.06"]
[Round "2"]
[White "Semianiuk, Konstantin"]
[Black "Wu, Kevin"]
[Result "1/2-1/2"]
[WhiteElo "2218"]
[BlackElo "2087"]
[PlyCount "57"]
[GameId "2160767909704018"]
[EventDate "2011.07.06"]
[EventType "swiss"]
[EventRounds "7"]
[EventCountry "CAN"]
[SourceTitle "EXT 2022"]
[Source "ChessBase"]
[SourceDate "2021.10.06"]
[SourceVersion "1"]
[SourceVersionDate "2021.10.06"]
[SourceQuality "1"]

1. e4 c5 2. Nf3 d6 3. Bb5+ Bd7 4. Bxd7+ Qxd7 5. c4 e5 6. Nc3 g6 7. d3 Bg7 8. Nd5 Ne7 9. Bh6 O-O 10. Bxg7 Kxg7 11. h4 h5 12. Nh2 Nxd5 13. exd5 Qe7 14. Qe2 Qxh4 15. O-O-O Qf4+ 16. Kb1 Nd7 17. g3 Qf5 18. Nf3 Rae8 19. Nd2 Nf6 20. f3 b5 21. Rh4 bxc4 22. Nxc4 Qd7 23. Ne3 Rb8 24. Qd2 a5 25. Rdh1 Rh8 26. R4h2 a4 27. Qc1 Rbc8 28. Qd2 Rb8 29. Qc1 1/2-1/2

[Event "CYCC U16"]
[Site "Richmond Hill CAN"]
[Date "2011.07.06"]
[Round "2"]
[White "Zhang, David"]
[Black "Gladstone, Simon"]
[Result "1/2-1/2"]
[WhiteElo "2138"]
[BlackElo "1935"]
[PlyCount "47"]
[GameId "2160767909704019"]
[EventDate "2011.07.06"]
[EventType "swiss"]
[EventRounds "7"]
[EventCountry "CAN"]
[SourceTitle "EXT 2022"]
[Source "ChessBase"]
[SourceDate "2021.10.06"]
[SourceVersion "1"]
[SourceVersionDate "2021.10.06"]
[SourceQuality "1"]

1. e4 e6 2. d4 d5 3. e5 c5 4. c3 Nc6 5. Nf3 Qb6 6. Bd3 Bd7 7. O-O cxd4 8. cxd4 Nxd4 9. Nbd2 Nc6 10. Nb3 Nge7 11. Be3 Qc7 12. Rc1 Ng6 13. Nbd4 a6 14. Qb3 Be7 15. Rfe1 O-O 16. Bxg6 hxg6 17. Bg5 Qd8 18. Bxe7 Qxe7 19. Qb6 Qd8 20. Qxb7 Rb8 21. Qxa6 Nxd4 22. Nxd4 Rxb2 23. Qa7 Qb6 24. Qxb6 1/2-1/2

[Event "CYCC U16"]
[Site "Richmond Hill CAN"]
[Date "2011.07.06"]
[Round "3"]
[White "Gladstone, Simon"]
[Black "Marinkovic, Mate"]
[Result "1/2-1/2"]
[WhiteElo "1935"]
[BlackElo "2226"]
[PlyCount "75"]
[GameId "2160767909704020"]
[EventDate "2011.07.06"]
[EventType "swiss"]
[EventRounds "7"]
[EventCountry "CAN"]
[SourceTitle "EXT 2022"]
[Source "ChessBase"]
[SourceDate "2021.10.06"]
[SourceVersion "1"]
[SourceVersionDate "2021.10.06"]
[SourceQuality "1"]

1. e4 c5 2. Nf3 e6 3. d4 cxd4 4. Nxd4 Nc6 5. Nc3 Qc7 6. Be3 a6 7. Qd2 Nf6 8. O-O-O Bb4 9. f3 h5 10. Kb1 Be7 11. Nb3 d6 12. Bf4 e5 13. Bg5 Be6 14. Bxf6 gxf6 15. Nd5 Bxd5 16. exd5 Nb8 17. Bd3 Nd7 18. Bf5 a5 19. Qe3 Nb6 20. Qd3 Qc4 21. Rhe1 Qxd3 22. Rxd3 a4 23. Nd2 Ra5 24. c4 Bf8 25. b3 Bh6 26. Ne4 axb3 27. axb3 Ke7 28. c5 Rha8 29. cxd6+ Kd8 30. Kb2 Nxd5 31. Nc3 Nf4 32. Rdd1 Ne6 33. Ra1 Bd2 34. Rxa5 Rxa5 35. Rd1 Bxc3+ 36. Kxc3 Nd4 37. Be4 Rb5 38. b4 1/2-1/2

[Event "CYCC U16"]
[Site "Richmond Hill CAN"]
[Date "2011.07.06"]
[Round "3"]
[White "Inigo, Aquino"]
[Black "Semianiuk, Konstantin"]
[Result "1/2-1/2"]
[WhiteElo "2088"]
[BlackElo "2218"]
[PlyCount "83"]
[GameId "2160767909704021"]
[EventDate "2011.07.06"]
[EventType "swiss"]
[EventRounds "7"]
[EventCountry "CAN"]
[SourceTitle "EXT 2022"]
[Source "ChessBase"]
[SourceDate "2021.10.06"]
[SourceVersion "1"]
[SourceVersionDate "2021.10.06"]
[SourceQuality "1"]

1. d4 d5 2. c4 c6 3. Nf3 Nf6 4. Nc3 a6 5. e3 b5 6. b3 Bg4 7. Be2 Bxf3 8. Bxf3 e6 9. O-O Be7 10. Bb2 Nbd7 11. Qe2 bxc4 12. bxc4 Nb6 13. c5 Nc4 14. Qc2 Nxb2 15. Qxb2 O-O 16. Qa3 Nd7 17. Rab1 Qc7 18. Rb3 Bf6 19. Rfb1 Ra7 20. Bg4 g6 21. Na4 h5 22. Be2 e5 23. Qb2 exd4 24. exd4 Qf4 25. Rd1 Re8 26. g3 Qf5 27. Rf3 Qg5 28. h4 Qh6 29. Nb6 Qg7 30. Nxd7 Rxd7 31. Bxa6 Re4 32. Qb6 Bxd4 33. Qxc6 Rd8 34. Qb5 Qe5 35. c6 Re8 36. c7 Qxc7 37. Rxd4 Re1+ 38. Kg2 Qc1 39. Rf6 Rg1+ 40. Kf3 Rxg3+ 41. Kxg3 Qg1+ 42. Kh3 1/2-1/2

[Event "CYCC U16"]
[Site "Richmond Hill CAN"]
[Date "2011.07.06"]
[Round "3"]
[White "Itkin, David"]
[Black "Wu, Kevin"]
[Result "1-0"]
[WhiteElo "2203"]
[BlackElo "2087"]
[PlyCount "77"]
[GameId "2160767909704022"]
[EventDate "2011.07.06"]
[EventType "swiss"]
[EventRounds "7"]
[EventCountry "CAN"]
[SourceTitle "EXT 2022"]
[Source "ChessBase"]
[SourceDate "2021.10.06"]
[SourceVersion "1"]
[SourceVersionDate "2021.10.06"]
[SourceQuality "1"]

1. e4 c5 2. Nf3 d6 3. d4 cxd4 4. Nxd4 Nf6 5. Nc3 g6 6. Be3 a6 7. f3 b5 8. a4 bxa4 9. Nxa4 Bg7 10. Qd2 Bb7 11. Be2 Nbd7 12. O-O O-O 13. Nb3 Re8 14. Na5 Qc7 15. Nc4 d5 16. Ncb6 Nxb6 17. Nxb6 Rad8 18. e5 Qxe5 19. Bf4 Ne4 20. fxe4 Qd4+ 21. Qe3 Qxb2 22. e5 Qxc2 23. Rfc1 Qf5 24. Bxa6 Bxa6 25. Rxa6 d4 26. Qg3 Qe6 27. Qa3 d3 28. Nc4 Qg4 29. Bd2 Bxe5 30. Nxe5 Qd4+ 31. Kh1 Qxe5 32. Re1 Qb8 33. Ra7 e5 34. Qa2 Rf8 35. Bh6 d2 36. Rd1 Qb5 37. Bxf8 Rxf8 38. Qxd2 e4 39. Re7 1-0

[Event "CYCC U16"]
[Site "Richmond Hill CAN"]
[Date "2011.07.06"]
[Round "3"]
[White "Leu, Richard"]
[Black "Zhang, David"]
[Result "0-1"]
[WhiteElo "2041"]
[BlackElo "2138"]
[PlyCount "76"]
[GameId "2160767909704023"]
[EventDate "2011.07.06"]
[EventType "swiss"]
[EventRounds "7"]
[EventCountry "CAN"]
[SourceTitle "EXT 2022"]
[Source "ChessBase"]
[SourceDate "2021.10.06"]
[SourceVersion "1"]
[SourceVersionDate "2021.10.06"]
[SourceQuality "1"]

1. d4 Nf6 2. c4 g6 3. Nf3 Bg7 4. Nc3 d5 5. Bf4 O-O 6. e3 b6 7. Rc1 c6 8. Bd3 Nh5 9. Bg5 Bb7 10. O-O h6 11. Bh4 dxc4 12. Bxc4 Nd7 13. Qc2 g5 14. Bg3 Nxg3 15. fxg3 e6 16. g4 Qe7 17. Rcd1 Rfd8 18. e4 b5 19. Bd3 c5 20. Bxb5 cxd4 21. Nxd4 Nf6 22. Nb3 Nxg4 23. Qe2 Ne5 24. Ba6 Bc6 25. Bb5 Bb7 26. Ba6 Bc6 27. Bb5 Rac8 28. Rxd8+ Rxd8 29. Rd1 Rxd1+ 30. Nxd1 Ba8 31. Nc3 Qc7 32. h3 Ng6 33. Qe3 Be5 34. Nd4 Qb6 35. Nc2 Qb7 36. Nd4 a6 37. Bf1 Qxb2 38. Bxa6 Qb6 0-1

[Event "CYCC U16"]
[Site "Richmond Hill CAN"]
[Date "2011.07.06"]
[Round "3"]
[White "Song, Lin"]
[Black "Myers, Joshua"]
[Result "0-1"]
[WhiteElo "1882"]
[BlackElo "1680"]
[PlyCount "68"]
[GameId "2160767909704025"]
[EventDate "2011.07.06"]
[EventType "swiss"]
[EventRounds "7"]
[EventCountry "CAN"]
[SourceTitle "EXT 2022"]
[Source "ChessBase"]
[SourceDate "2021.10.06"]
[SourceVersion "1"]
[SourceVersionDate "2021.10.06"]
[SourceQuality "1"]

1. e4 c6 2. d4 d5 3. Nc3 dxe4 4. Nxe4 Nf6 5. Nxf6+ gxf6 6. c3 Qd5 7. Ne2 e5 8. Be3 Be6 9. b3 Nd7 10. Qc2 O-O-O 11. Ng3 Nb6 12. Ne4 Be7 13. f3 Qa5 14. Kf2 Nd5 15. Qc1 f5 16. b4 Qb6 17. Nc5 f4 18. Bd2 exd4 19. Na4 Qc7 20. cxd4 Bxb4 21. Bxb4 Nxb4 22. Qc5 Nd5 23. Qxa7 b5 24. Qa6+ Qb7 25. Qa5 Kb8 26. Nc5 Qb6 27. Qd2 Ne3 28. Rc1 Rd5 29. a4 Rhd8 30. a5 Qa7 31. Nxe6 fxe6 32. Rxc6 Rxd4 33. Qc1 Rd2+ 34. Be2 Ng4+ 0-1

[Event "CYCC U16"]
[Site "Richmond Hill CAN"]
[Date "2011.07.07"]
[Round "4"]
[White "Dawson, Mitchell"]
[Black "Song, Lin"]
[Result "1-0"]
[WhiteElo "1362"]
[BlackElo "1882"]
[PlyCount "59"]
[GameId "2160767909704026"]
[EventDate "2011.07.06"]
[EventType "swiss"]
[EventRounds "7"]
[EventCountry "CAN"]
[SourceTitle "EXT 2022"]
[Source "ChessBase"]
[SourceDate "2021.10.06"]
[SourceVersion "1"]
[SourceVersionDate "2021.10.06"]
[SourceQuality "1"]

1. d4 Nf6 2. c4 g6 3. Nc3 Bg7 4. Nf3 O-O 5. Bg5 d6 6. e3 h6 7. Bh4 g5 8. Bg3 Nh7 9. Qc2 Nc6 10. Bd3 f5 11. a3 a5 12. h4 g4 13. Nh2 Nf6 14. O-O-O Nh5 15. Nf1 f4 16. Bh2 fxe3 17. fxe3 Bd7 18. Ng3 Nxg3 19. Bxg3 a4 20. h5 Na5 21. Bh4 Nb3+ 22. Kb1 Bf6 23. Bxf6 Rxf6 24. Nd5 Rf8 25. Nf4 Nxd4 26. Bh7+ Kg7 27. Qg6+ Kh8 28. Qxh6 Rxf4 29. Bg6+ Kg8 30. Qh7+ 1-0

[Event "CYCC U16"]
[Site "Richmond Hill CAN"]
[Date "2011.07.07"]
[Round "4"]
[White "Marinkovic, Mate"]
[Black "Luo, Zhao Yang"]
[Result "0-1"]
[WhiteElo "2226"]
[BlackElo "1894"]
[PlyCount "80"]
[GameId "2160767909704028"]
[EventDate "2011.07.06"]
[EventType "swiss"]
[EventRounds "7"]
[EventCountry "CAN"]
[SourceTitle "EXT 2022"]
[Source "ChessBase"]
[SourceDate "2021.10.06"]
[SourceVersion "1"]
[SourceVersionDate "2021.10.06"]
[SourceQuality "1"]

1. c4 Nf6 2. g3 g6 3. Bg2 Bg7 4. Nc3 d6 5. e4 c6 6. Nge2 O-O 7. O-O a6 8. a4 Nbd7 9. h3 Qa5 10. d3 e5 11. Bd2 Qd8 12. Be3 b6 13. f4 Re8 14. f5 Bb7 15. g4 h6 16. g5 hxg5 17. Bxg5 Qc7 18. Ng3 d5 19. h4 Qd6 20. Kh2 dxc4 21. dxc4 Qb4 22. Qe2 a5 23. Nd1 Ba6 24. Ne3 b5 25. Rf2 bxc4 26. Qf3 Rf8 27. Ng4 Qb3 28. Nxf6+ Nxf6 29. Qxb3 cxb3 30. Bf3 Rad8 31. Bd2 Rd7 32. Bxa5 Bh6 33. Bb4 Rb8 34. Bc3 Bf4 35. Kg2 Rd3 36. fxg6 Bxg3 37. Kxg3 Nxe4+ 38. Kg2 Nxf2 39. Kxf2 fxg6 40. Bxe5 Rf8 0-1

[Event "CYCC U16"]
[Site "Richmond Hill CAN"]
[Date "2011.07.07"]
[Round "4"]
[White "Myers, Joshua"]
[Black "Inigo, Aquino"]
[Result "0-1"]
[WhiteElo "1680"]
[BlackElo "2088"]
[PlyCount "86"]
[GameId "2160767909704029"]
[EventDate "2011.07.06"]
[EventType "swiss"]
[EventRounds "7"]
[EventCountry "CAN"]
[SourceTitle "EXT 2022"]
[Source "ChessBase"]
[SourceDate "2021.10.06"]
[SourceVersion "1"]
[SourceVersionDate "2021.10.06"]
[SourceQuality "1"]

1. e4 e6 2. d4 d5 3. exd5 exd5 4. Be3 Nc6 5. Bd3 Bd6 6. Nf3 Bg4 7. Nbd2 Qd7 8. c3 Nge7 9. Qc2 O-O-O 10. h3 Bf5 11. O-O-O Rde8 12. b4 Bxd3 13. Qxd3 Nf5 14. Nb3 Nxe3 15. fxe3 b6 16. Rde1 f5 17. Nbd2 Nd8 18. a4 g6 19. Kb2 Bg3 20. Re2 Nb7 21. Ra1 Nd6 22. a5 Kb8 23. Nf1 Nc4+ 24. Kc1 Bd6 25. N3d2 Nxd2 26. Nxd2 Re7 27. Nf1 b5 28. a6 Rhe8 29. g3 c6 30. Kd2 Re4 31. Ra2 h6 32. Ke1 g5 33. Rab2 Qc8 34. Ra2 Bc7 35. Qc2 f4 36. gxf4 gxf4 37. Qd3 fxe3 38. Rxe3 Rxe3+ 39. Nxe3 Qxh3 40. Re2 Bf4 41. Nxd5 Qh1+ 42. Kf2 Qh2+ 43. Kf1 Rxe2 0-1

[Event "CYCC U16"]
[Site "Richmond Hill CAN"]
[Date "2011.07.07"]
[Round "4"]
[White "Wu, Kevin"]
[Black "Leu, Richard"]
[Result "0-1"]
[WhiteElo "2087"]
[BlackElo "2041"]
[PlyCount "84"]
[GameId "2160767909704031"]
[EventDate "2011.07.06"]
[EventType "swiss"]
[EventRounds "7"]
[EventCountry "CAN"]
[SourceTitle "EXT 2022"]
[Source "ChessBase"]
[SourceDate "2021.10.06"]
[SourceVersion "1"]
[SourceVersionDate "2021.10.06"]
[SourceQuality "1"]

1. e4 c5 2. Nf3 d6 3. d4 cxd4 4. Nxd4 Nf6 5. Nc3 a6 6. Bg5 e6 7. f4 Be7 8. Qf3 Qc7 9. O-O-O Nbd7 10. g4 b5 11. Bxf6 Nxf6 12. f5 b4 13. Nce2 e5 14. Nb3 Bb7 15. Ng3 Rc8 16. Bd3 Nd7 17. h4 a5 18. Kd2 a4 19. Nc1 Qa5 20. Ke2 Nc5 21. Kf2 Nxd3+ 22. Qxd3 Ba6 23. Qd2 Qc5+ 24. Kf3 Qxc2 25. Qxb4 d5 26. Qd2 Qxd2 27. Rxd2 d4 28. a3 f6 29. Nge2 Kf7 30. Nd3 Rb8 31. Nec1 Rhc8 32. Rhh2 g6 33. fxg6+ hxg6 34. h5 Rh8 35. hxg6+ Kxg6 36. Rdg2 Rxh2 37. Rxh2 Bf8 38. Rh8 Kg7 39. Rh5 Bc4 40. Rh3 Kg6 41. Rg3 Bh6 42. Ke2 Bxc1 0-1

[Event "CYCC U16"]
[Site "Richmond Hill CAN"]
[Date "2011.07.07"]
[Round "4"]
[White "Zhang, David"]
[Black "Gusev, Nikita"]
[Result "1/2-1/2"]
[WhiteElo "2138"]
[BlackElo "2223"]
[PlyCount "32"]
[GameId "2160767909704032"]
[EventDate "2011.07.06"]
[EventType "swiss"]
[EventRounds "7"]
[EventCountry "CAN"]
[SourceTitle "EXT 2022"]
[Source "ChessBase"]
[SourceDate "2021.10.06"]
[SourceVersion "1"]
[SourceVersionDate "2021.10.06"]
[SourceQuality "1"]

1. e4 c5 2. Nf3 e6 3. c3 Nf6 4. Bd3 Nc6 5. O-O Qc7 6. Re1 d6 7. Bc2 a6 8. d4 e5 9. d5 Nb8 10. Nbd2 Be7 11. Nf1 O-O 12. Ng3 g6 13. Bg5 Ng4 14. Bc1 Nf6 15. Bg5 Ng4 16. Bc1 Nf6 1/2-1/2